Proyecto de Constitución española [ (Record no. 114748)

MARC details
000 -LEADER
campo de control de longitud fija 01142ntm a2200241 i 4500
001 - NÚMERO DE CONTROL
campo de control 114748
003 - IDENTIFICADOR DE NÚMERO DE CONTROL
campo de control ES-MaACL
005 - FECHA Y HORA DE LA ÚLTIMA TRANSACCIÓN
campo de control 20250808230409.0
007 - CAMPO FIJO DE DESCRIPCIÓN FÍSICA--INFORMACIÓN GENERAL
campo de control de longitud fija t|
008 - DATOS DE LONGITUD FIJA--INFORMACIÓN GENERAL
campo de control de longitud fija 070322s1931 sp |||| | spa d
100 1# - ENTRADA PRINCIPAL--NOMBRE DE PERSONA
Nombre de persona Ranz Lafuente, Daniel.
9 (RLIN) 95439
245 10 - MENCIÓN DEL TÍTULO
Título Proyecto de Constitución española [
Medio Manuscrito] /
Mención de responsabilidad, etc. Daniel Ranz Lafuente.
260 ## - PUBLICACIÓN, DISTRIBUCIÓN, ETC.
Lugar de publicación, distribución, etc. Madrid :
Nombre del editor, distribuidor, etc. [s.n.],
Fecha de publicación, distribución, etc. 1931.
300 ## - DESCRIPCIÓN FÍSICA
Extensión 13, 16, 2 h. ;
Dimensiones 28 cm.
505 8# - NOTA DE CONTENIDO CON FORMATO
Nota de contenido con formato Contiene: 3 cuadernos: 1. Constitución de los poderes - 2. Constitución política - 3. Constitución económica
594 ## - Nota al título y mención de responsabilidad
Nota al título y mención de responsabilidad Al final del texto: "Esta declaración se presenta al Ateneo de Madrid como adición... a la Memoria leída por el Sr. Carmona, cumpliendo un acuerdo de la Junta General de discutir un proyecto constitucional completo. Madrid, a 23 de junio de 1931"
597 ## - NOTA DE DESCRIPCIÓN FÍSICA
NOTA DE DESCRIPCIÓN FÍSICA Ejemplar mecanografiado.
610 24 - PUNTO DE ACCESO ADICIONAL DE MATERIA--NOMBRE DE ENTIDAD CORPORATIVA
Nombre de entidad corporativa o nombre de jurisdicción como elemento de entrada Ateneo de Madrid-
Subdivisión de forma Conferencias-
Subdivisión cronológica 1900-1939
9 (RLIN) 1907
610 14 - PUNTO DE ACCESO ADICIONAL DE MATERIA--NOMBRE DE ENTIDAD CORPORATIVA
Nombre de entidad corporativa o nombre de jurisdicción como elemento de entrada España.
Título de la obra Constitución, 1931.
9 (RLIN) 3656
650 #4 - PUNTO DE ACCESO ADICIONAL DE MATERIA--TÉRMINO DE MATERIA
Término de materia o nombre geográfico como elemento de entrada Derecho constitucional-
Subdivisión geográfica España
9 (RLIN) 11682
852 ## - LOCALIZACIÓN
Ubicación ES-MaACL
Número de control de estantería Armario 18, Caja negra
Encuadernación - Olim: 1755-F-10
Holdings
Estatus retirado Estado de pérdida Estado de daño No para préstamo Colección Biblioteca de origen Biblioteca actual Ubicación en estantería Fecha de adquisición Fuente de adquisición Total de préstamos Signatura topográfica completa Código de barras Visto por última vez Precio de reemplazo Tipo de ítem Koha
        Fondo Ateneo de Madrid Biblioteca del Ateneo de Madrid Biblioteca del Ateneo de Madrid Depósito 17/01/2008     Armario 18 Caja negra 1119661 23/02/2023 23/02/2023 Manuscrito